LEADER 00916nam0-22003011i-450- 001 990006495250403321 005 20001010 035 $a000649525 035 $aFED01000649525 035 $a(Aleph)000649525FED01 035 $a000649525 100 $a20001010d--------km-y0itay50------ba 101 0 $aita 105 $ay-------001yy 200 1 $a<>missioni a Benin e Warri nel XVII secolo$ela relazione inedita di Bonaventura da Firenze$fVittorio A.Salvadorini 210 $aMilano$cGiuffrè$d1972. 215 $a314 p.$d22 cm 225 1 $aUniversità di Pisa. Facoltà di Scienze Politiche$v2 676 $a266 700 1$aSalvadorini,$bVittorio A.$0244569 801 0$aIT$bUNINA$gRICA$2UNIMARC 901 $aBK 912 $a990006495250403321 952 $aUNIV. 81 (2)$b8816$fFSPBC 959 $aFSPBC 996 $aMissioni a Benin e Warri nel XVII secolo$9654432 997 $aUNINA DB $aGEN01 LEADER 01056cam0-22003131i-450 001 990001602850403321 005 20210629112746.0 035 $a000160285 035 $aFED01000160285 035 $a(Aleph)000160285FED01 035 $a000160285 100 $a20030910d1851----km-y0itay50------ba 101 0 $aita 102 $aIT 105 $ay-------001yy 200 1 $aDella economia rustica dell'Italia Meridionale contenente i principii ed i calcoli onde stabilire su i campi arabili ...$etrattato elementare teorico-pratico$fdi Luigi Granata 210 $aNapoli$cTip. Rossi-Romano$d1851 215 $a387 p.$d22 cm 610 0 $aStoria economica 610 0 $aItalia meridionale 676 $a330.9 700 1$aGranata,$bLuigi$0352752 801 0$aIT$bUNINA$gRICA$2UNIMARC 901 $aBK 912 $a990001602850403321 952 $a60 330.9 B 12$b3435$fFAGBC 959 $aFAGBC 996 $aDella economia rustica dell'Italia Meridionale contenente i principii ed i calcoli onde stabilire su i campi arabili ..$91811006 997 $aUNINA